| 000 | 00852 a2200193 4500 | ||
|---|---|---|---|
| 003 | NUST | ||
| 005 | 20251218133032.0 | ||
| 040 | _cNust | ||
| 082 | _a621.382,JAM | ||
| 100 |
_aJamil, Sara (TE-48) _9132437 |
||
| 245 |
_aDesign and Implementation of Ground Station Transmitter and Receiver Unit of A Satellite System _cNC Sara Jamil, NC Bilal Mahmood and NC Asad Hayat |
||
| 260 |
_aRawalpindi _bMCS (NUST) _cJune 2015 |
||
| 300 | _av,36 p.; | ||
| 505 | _aIntroduction (Page-1), Literature Review (Page-6), Mathematical Modelling(Page-8), Model Design (Page-9), Electrical Design and Development (Page-11), Project Analysis and Evaluation (Page-24), Recommendation for Future Work(Page-27), Conclusion (Page-28) . | ||
| 650 |
_aUG Project _9131132 |
||
| 651 | _aTE-48 | ||
| 700 |
_aSupervised by Asst Pro. Fazal Ahmed _9132438 |
||
| 942 |
_cPR _2ddc |
||
| 999 |
_c217245 _d217245 |
||